[Event "Online Olym KO Stage 2021"]
[Site "chess.com INT"]
[Date "2021.09.13"]
[Round "1.32"]
[Board "3"]
[White "Hoang, Thanh Trang"]
[Black "Kosteniuk, Alexandra"]
[Result "0-1"]
[WhiteTitle "GM"]
[BlackTitle "GM"]
[WhiteElo "2380"]
[BlackElo "2526"]
[WhiteTeam "Hungary"]
[BlackTeam "Russia"]
[WhiteFideId "12400149"]
[BlackFideId "4128125"]
[EventDate "2021.09.13"]
[EventType "team"]

1. d4 Nf6 2. Nf3 d5 3. e3 c5 4. Nbd2 Nc6 5. c3 cxd4 6. exd4 Bf5 7. Be2 h6 8. Nf1
e6 9. Ng3 Bh7 10. O-O Bd6 11. Re1 Qc7 12. Bd3 O-O-O 13. Bxh7 Rxh7 14. Qe2 Nd7
15. Bd2 g5 16. Rec1 g4 17. Ne1 h5 18. Bg5 Rg8 19. Bh4 Nb6 20. Nd3 Be7 21. Bxe7
Qxe7 22. a4 h4 23. Nf1 Nc4 24. b3 Nd6 25. c4 dxc4 26. Ne5 Nxd4 27. Qd1 Nf3+ 28.
Nxf3 gxf3 29. Qxf3 Rhg7 30. g3 hxg3 31. fxg3 Qh4 32. bxc4 Ne4 33. Rab1 f5 34.
Kg2 Qg4 35. Qxg4 Rxg4 36. c5 Kc7 37. Rb4 Nf6 38. Rcc4 Rxc4 39. Rxc4 Rg4 40. Rxg4
fxg4 41. h4 gxh3+ 42. Kxh3 Kc6 43. g4 Kxc5 44. g5 Nd5 45. Kg4 Ne7 46. Kh5 Kb4
47. g6 Nxg6 48. Kxg6 Kxa4 49. Kf6 Kb4 50. Kxe6 Kc3 51. Kd5 a5 52. Ng3 a4 53.
Ne4+ Kb4 54. Kd4 a3 55. Nc3 Kb3 56. Kd3 b6 57. Kd4 b5 58. Kd3 b4 59. Ne2 a2 60.
Nc1+ Kb2 61. Nxa2 Kxa2 0-1

[Event "Online Olym KO Stage 2021"]
[Site "chess.com INT"]
[Date "2021.09.13"]
[Round "1.32"]
[Board "4"]
[White "Lagno, Kateryna"]
[Black "Lazarne Vajda, Szidonia"]
[Result "1-0"]
[WhiteTitle "GM"]
[BlackTitle "IM"]
[WhiteElo "2550"]
[BlackElo "2345"]
[WhiteTeam "Russia"]
[BlackTeam "Hungary"]
[WhiteFideId "14109336"]
[BlackFideId "723894"]
[EventDate "2021.09.13"]
[EventType "team"]

1. e4 c5 2. Nf3 Nf6 3. e5 Nd5 4. Nc3 e6 5. Ne4 f5 6. exf6 Nxf6 7. Ng3 Nc6 8. d4
cxd4 9. Nxd4 Qb6 10. Nb3 Be7 11. Be2 O-O 12. O-O d5 13. Be3 Qc7 14. c4 Rd8 15.
cxd5 Nxd5 16. Bd2 Bd7 17. Rc1 Qe5 18. Qc2 Be8 19. Bg4 Bg6 20. Qc4 Bf7 21. Rce1
Qf6 22. Qe2 e5 23. Ne4 Qg6 24. Qf3 Nd4 25. Nxd4 exd4 26. Bf5 Qb6 27. Bxh7+ Kxh7
28. Qxf7 Qxb2 29. Ng5+ Bxg5 30. Bxg5 Qc2 31. Bxd8 Rxd8 32. Qh5+ Kg8 33. Re8+
Rxe8 34. Qxe8+ Kh7 35. Qh5+ Kg8 36. Qxd5+ Kf8 37. Qxd4 1-0

[Event "Online Olym KO Stage 2021"]
[Site "chess.com INT"]
[Date "2021.09.13"]
[Round "1.32"]
[Board "5"]
[White "Kozak, Adam"]
[Black "Esipenko, Andrey"]
[Result "1/2-1/2"]
[WhiteTitle "GM"]
[BlackTitle "GM"]
[WhiteElo "2517"]
[BlackElo "2720"]
[WhiteTeam "Hungary"]
[BlackTeam "Russia"]
[WhiteFideId "753246"]
[BlackFideId "24175439"]
[EventDate "2021.09.13"]
[EventType "team"]

1. e4 e5 2. Nf3 Nc6 3. Bb5 Nf6 4. d3 Bc5 5. Bxc6 dxc6 6. Qe2 Nd7 7. Be3 Bd6 8.
Nc3 c5 9. O-O Nf8 10. Nd2 Ne6 11. Nc4 O-O 12. Qd2 f6 13. Nxd6 Qxd6 14. f4 exf4
15. Bxf4 Nxf4 16. Qxf4 Qxf4 17. Rxf4 Be6 18. b3 c6 19. Kf2 Rfd8 20. Ke3 b6 21.
Raf1 Rd6 22. g4 Re8 23. h4 h6 24. Rg1 Bd7 25. g5 fxg5 26. hxg5 Rg6 27. Rff1 hxg5
28. Rg3 Rf6 29. Rfg1 g4 30. Ke2 Ref8 31. Nd1 Rf3 32. Ne3 Rxg3 33. Rxg3 Rf4 34.
Nc4 Kf7 1/2-1/2

[Event "Online Olym KO Stage 2021"]
[Site "chess.com INT"]
[Date "2021.09.13"]
[Round "1.32"]
[Board "6"]
[White "Shuvalova, Polina"]
[Black "Gaal, Zsoka"]
[Result "1/2-1/2"]
[WhiteTitle "IM"]
[BlackTitle "WFM"]
[WhiteElo "2510"]
[BlackElo "2276"]
[WhiteTeam "Russia"]
[BlackTeam "Hungary"]
[WhiteFideId "24171760"]
[BlackFideId "777765"]
[EventDate "2021.09.13"]
[EventType "team"]

1. e4 c5 2. Nf3 Nf6 3. e5 Nd5 4. Nc3 e6 5. g3 d6 6. Qe2 Nxc3 7. dxc3 d5 8. Bg2
b6 9. c4 Ba6 10. b3 Be7 11. O-O O-O 12. h4 Nc6 13. Bg5 Rc8 14. Rfd1 h6 15. Bf4
Qc7 16. Qe3 dxc4 17. Re1 Rfd8 18. c3 Bf8 19. Bf1 Na5 20. Nd2 Qc6 21. bxc4 Bb7
22. Ne4 Qa4 23. Qe2 Ba6 24. Qg4 Kh8 25. Bg2 Bxc4 26. Re3 Bd5 27. Rae1 Nc4 28.
R3e2 Qc6 29. Kh2 b5 30. Bf3 b4 31. cxb4 cxb4 32. Bg2 a5 33. h5 a4 34. Qf3 b3 35.
axb3 axb3 36. Qxb3 Nd2 37. Qe3 Nxe4 38. Bxe4 Bxe4 39. Qxe4 Qxe4 40. Rxe4 Rc2 41.
Kg2 Rdc8 42. Rd1 Kg8 43. Red4 Bc5 44. R4d2 Bb4 45. Rd8+ Rxd8 46. Rxd8+ Kh7 47.
Rd7 Kg8 48. Rd8+ Kh7 49. Rd7 Bc5 50. Rxf7 Rxf2+ 51. Kh3 Re2 52. Kg4 Bd4 53. Re7
Kg8 54. Kf3 Re1 55. Rxe6 Kf7 56. Ra6 Bxe5 57. Ra7+ Kf8 58. Ra8+ Kf7 59. Kf2 Re4
60. Kf3 Re1 61. Ra7+ Kf8 62. Bxe5 Rxe5 63. g4 Rb5 64. Kf4 Kg8 65. Kf3 Rb4 66.
Ra8+ Kf7 67. Ra6 Rb3+ 68. Kf4 Rb4+ 69. Kf3 Rb3+ 70. Kf4 Rb4+ 71. Kf3 1/2-1/2

[Event "Online Olym KO Stage 2021"]
[Site "chess.com INT"]
[Date "2021.09.13"]
[Round "1.41"]
[Board "2"]
[White "Wojtaszek, Radoslaw"]
[Black "Yu, Yangyi"]
[Result "1/2-1/2"]
[WhiteTitle "GM"]
[BlackTitle "GM"]
[WhiteElo "2698"]
[BlackElo "2704"]
[WhiteTeam "Poland"]
[BlackTeam "China"]
[WhiteFideId "1118358"]
[BlackFideId "8603820"]
[EventDate "2021.09.13"]
[EventType "team"]

1. d4 Nf6 2. c4 e6 3. Nf3 Bb4+ 4. Bd2 Bxd2+ 5. Qxd2 O-O 6. g3 d5 7. Bg2 c6 8.
Na3 b6 9. O-O Nbd7 10. Rac1 Bb7 11. Rc2 c5 12. cxd5 Bxd5 13. b3 Qe7 14. Nc4 Rfd8
15. Qe3 Rac8 16. Rfc1 h6 17. dxc5 Rxc5 18. Nce5 Rdc8 19. Rxc5 Rxc5 20. Rxc5 Qxc5
21. Nxd7 Nxd7 22. Qxc5 Nxc5 23. Nd4 Bxg2 24. Kxg2 Kf8 25. Kf3 a5 26. e4 1/2-1/2

[Event "Online Olym KO Stage 2021"]
[Site "chess.com INT"]
[Date "2021.09.13"]
[Round "1.41"]
[Board "3"]
[White "Hou, Yifan"]
[Black "Cyfka, Karina"]
[Result "1-0"]
[WhiteTitle "GM"]
[BlackTitle "IM"]
[WhiteElo "2658"]
[BlackElo "2405"]
[WhiteTeam "China"]
[BlackTeam "Poland"]
[WhiteFideId "8602980"]
[BlackFideId "1122681"]
[EventDate "2021.09.13"]
[EventType "team"]

1. e4 e5 2. Bc4 Nc6 3. Nf3 Nf6 4. d3 h6 5. c3 d6 6. Nbd2 g6 7. Bb3 Bg7 8. h3 O-O
9. O-O Nh5 10. Re1 Nf4 11. Nf1 g5 12. Ne3 Ne7 13. d4 c6 14. Bc2 Kh8 15. Nf5 Neg6
16. g3 Nxh3+ 17. Kg2 g4 18. Nh2 h5 19. Nxg4 Bxf5 20. exf5 hxg4 21. Qxg4 Nhf4+
22. gxf4 Nh4+ 23. Kh3 Bf6 24. Rg1 1-0

[Event "Online Olym KO Stage 2021"]
[Site "chess.com INT"]
[Date "2021.09.13"]
[Round "1.41"]
[Board "4"]
[White "Socko, Monika"]
[Black "Ju, Wenjun"]
[Result "0-1"]
[WhiteTitle "GM"]
[BlackTitle "GM"]
[WhiteElo "2385"]
[BlackElo "2560"]
[WhiteTeam "Poland"]
[BlackTeam "China"]
[WhiteFideId "1106619"]
[BlackFideId "8603006"]
[EventDate "2021.09.13"]
[EventType "team"]

1. d4 Nf6 2. c4 e6 3. g3 d5 4. Bg2 dxc4 5. Nf3 a6 6. O-O Nc6 7. Nbd2 b5 8. Ne5
Nxe5 9. Bxa8 Qxd4 10. Nf3 Nxf3+ 11. Bxf3 Qxd1 12. Rxd1 Bd6 13. a4 Ke7 14. axb5
axb5 15. Ra8 Re8 16. Bd2 Bd7 17. Rd8 Rxd8 0-1

[Event "Online Olym KO Stage 2021"]
[Site "chess.com INT"]
[Date "2021.09.13"]
[Round "1.41"]
[Board "5"]
[White "Xu, Zhihang"]
[Black "Teclaf, Pawel"]
[Result "0-1"]
[WhiteTitle "IM"]
[BlackTitle "IM"]
[WhiteElo "2515"]
[BlackElo "2543"]
[WhiteTeam "China"]
[BlackTeam "Poland"]
[WhiteFideId "8611572"]
[BlackFideId "1185934"]
[EventDate "2021.09.13"]
[EventType "team"]

1. e4 c5 2. Nf3 e6 3. g3 Nc6 4. Bg2 Nf6 5. Qe2 Be7 6. O-O O-O 7. e5 Nd5 8. Nc3
d6 9. exd6 Qxd6 10. Re1 Bd7 11. d3 Nxc3 12. bxc3 Bf6 13. Bf4 Qe7 14. Ne5 Nxe5
15. Bxe5 Bxe5 16. Qxe5 Ba4 17. Re2 Rad8 18. f4 b6 19. f5 Qf6 20. Qxf6 gxf6 21.
fxe6 fxe6 22. Rf1 Rd6 23. Rf4 Bd7 24. Rg4+ Kh8 25. a4 a5 26. Re1 Rc8 27. Ra1 e5
28. Rh4 c4 29. dxc4 Bf5 30. Bd5 Bxc2 31. Kf2 Kg7 32. Ke3 Bf5 33. Ra2 Bd7 34. Ra1
Rc5 35. Ra2 Rc7 36. Ra1 Be6 37. Bxe6 Rxe6 38. Rg4+ Kf7 39. Rb1 Rec6 40. Kd3 f5
41. Rh4 e4+ 42. Ke3 Kg6 43. Rb5 Rxc4 44. Rxb6+ R4c6 45. Rxc6+ Rxc6 46. Kd4 Rd6+
47. Ke5 e3 48. g4 e2 49. gxf5+ Kf7 50. Re4 Rd8 0-1

[Event "Online Olym KO Stage 2021"]
[Site "chess.com INT"]
[Date "2021.09.13"]
[Round "1.41"]
[Board "6"]
[White "Sliwicka, Alicja"]
[Black "Ning, Kaiyu"]
[Result "0-1"]
[WhiteTitle "WIM"]
[BlackTitle "WIM"]
[WhiteElo "2304"]
[BlackElo "2372"]
[WhiteTeam "Poland"]
[BlackTeam "China"]
[WhiteFideId "1150677"]
[BlackFideId "8614750"]
[EventDate "2021.09.13"]
[EventType "team"]

1. e4 c5 2. Nf3 d6 3. d4 cxd4 4. Nxd4 Nf6 5. f3 e5 6. Nb3 d5 7. Bg5 d4 8. c3 Nc6
9. Bb5 h6 10. Bxf6 Qxf6 11. cxd4 Bb4+ 12. N1d2 exd4 13. O-O O-O 14. f4 d3 15. a3
Bxd2 16. Qxd2 Rd8 17. Kh1 Bg4 18. Bxd3 Nd4 19. Nc1 Rac8 20. Qf2 Qb6 21. h3 Be6
22. f5 Bc4 23. Qg3 Qf6 24. Bxc4 Rxc4 25. Nd3 Ne2 26. Qf3 Rxe4 27. Rae1 Rde8 28.
Nc5 Re3 29. Rxe2 Rxe2 30. Nxb7 R8e3 31. Qd5 Qh4 32. Rf3 Rxf3 33. Qxf3 Rxb2 34.
Kh2 Qd4 35. h4 Qxh4+ 0-1

[Event "Online Olym KO Stage 2021"]
[Site "chess.com INT"]
[Date "2021.09.13"]
[Round "1.42"]
[Board "2"]
[White "Yu, Yangyi"]
[Black "Wojtaszek, Radoslaw"]
[Result "1-0"]
[WhiteTitle "GM"]
[BlackTitle "GM"]
[WhiteElo "2704"]
[BlackElo "2698"]
[WhiteTeam "China"]
[BlackTeam "Poland"]
[WhiteFideId "8603820"]
[BlackFideId "1118358"]
[EventDate "2021.09.13"]
[EventType "team"]

1. d4 Nf6 2. c4 e6 3. Nc3 Bb4 4. e3 O-O 5. Bd3 c5 6. Ne2 cxd4 7. exd4 d5 8. cxd5
Nxd5 9. O-O Nc6 10. a3 Bd6 11. Re1 Re8 12. Bc2 Bf8 13. Ng3 Nxc3 14. bxc3 b6 15.
Qg4 Bb7 16. Nh5 g6 17. d5 f5 18. Qg3 Bd6 19. Bf4 Bxf4 20. Nxf4 Na5 21. dxe6 Qf6
22. Nh5 Qf8 23. Re5 Kh8 24. Rxf5 gxf5 25. Qe5+ Kg8 26. Nf6+ Kh8 27. Nxe8+ Kg8
28. Nf6+ Kh8 29. e7 1-0

[Event "Online Olym KO Stage 2021"]
[Site "chess.com INT"]
[Date "2021.09.13"]
[Round "1.42"]
[Board "3"]
[White "Cyfka, Karina"]
[Black "Hou, Yifan"]
[Result "0-1"]
[WhiteTitle "IM"]
[BlackTitle "GM"]
[WhiteElo "2405"]
[BlackElo "2658"]
[WhiteTeam "Poland"]
[BlackTeam "China"]
[WhiteFideId "1122681"]
[BlackFideId "8602980"]
[EventDate "2021.09.13"]
[EventType "team"]

1. d4 Nf6 2. c4 e6 3. Nc3 Bb4 4. e3 O-O 5. Bd2 b6 6. Nf3 Bb7 7. Bd3 d5 8. cxd5
exd5 9. O-O Bd6 10. Qb1 Re8 11. b4 Ne4 12. Be1 Nd7 13. a3 a6 14. Qa2 Ndf6 15.
Rc1 Re6 16. h3 h6 17. Nd2 Nxc3 18. Rxc3 Re7 19. Rc1 Qd7 20. Qb3 Ne4 21. Nxe4
dxe4 22. Bc4 b5 23. Be2 Bd5 24. Qb2 c6 25. Qc2 Rae8 26. Bd2 Bb8 27. Rfe1 Qd6 28.
g3 Qg6 29. Bf1 Re6 30. Bg2 h5 31. h4 Qf5 32. Qd1 Rf6 33. Rf1 Bd6 34. Qe2 Rg6 35.
Rc2 Be7 36. Kh2 Bd6 37. Kg1 Ree6 38. Rfc1 Bc7 39. Be1 Rh6 40. Kh2 Qf6 41. Kg1 g5
42. hxg5 Qxg5 43. f4 exf3 44. Bxf3 Rxe3 45. Bd2 Bxf3 46. Qxe3 Qxg3+ 47. Kf1 Qg2+
48. Ke1 Re6 0-1

[Event "Online Olym KO Stage 2021"]
[Site "chess.com INT"]
[Date "2021.09.13"]
[Round "1.42"]
[Board "4"]
[White "Ju, Wenjun"]
[Black "Kulon, Klaudia"]
[Result "1-0"]
[WhiteTitle "GM"]
[BlackTitle "IM"]
[WhiteElo "2560"]
[BlackElo "2332"]
[WhiteTeam "China"]
[BlackTeam "Poland"]
[WhiteFideId "8603006"]
[BlackFideId "1131044"]
[EventDate "2021.09.13"]
[EventType "team"]

1. d4 Nf6 2. c4 g6 3. g3 Bg7 4. Bg2 O-O 5. Nc3 d6 6. Nf3 Nc6 7. O-O e5 8. dxe5
Nxe5 9. Nxe5 dxe5 10. Be3 Qe7 11. Nd5 Nxd5 12. cxd5 Rd8 13. Rc1 e4 14. Qc2 Rxd5
15. Qxc7 Qxc7 16. Rxc7 Rb5 17. Bxe4 Be5 18. Rc5 Rxc5 19. Bxc5 Be6 20. b3 Rc8 21.
Rc1 b6 22. Be3 Rd8 23. f4 Bd4 24. Kf2 Bxe3+ 25. Kxe3 Rd7 26. Bf3 h5 27. Rc2 Bf5
28. Rd2 Rc7 29. Kd4 Kf8 30. e4 Be6 31. Be2 Rc1 32. Bd3 Bg4 33. Bc4 Ke7 34. Ke5
Re1 35. Kd4 Rc1 36. Be2 Bh3 37. Bd3 Kd6 38. Rc2 Rd1 39. Ke3 Re1+ 40. Kd2 Rh1 41.
e5+ Kd7 42. Bb5+ Kd8 43. Ke3 Re1+ 44. Re2 Rc1 45. Bd3 Bg4 46. Rd2 Ke8 47. Rc2
Re1+ 48. Kf2 Ra1 49. Be4 Be6 50. Kg2 Kd8 51. h3 Kd7 52. Bf3 a5 53. g4 hxg4 54.
hxg4 a4 55. bxa4 Rxa2 56. Rxa2 Bxa2 57. Be2 Bb3 58. Bb5+ Ke6 59. Kf3 Kd5 60. Ke3
Bd1 61. g5 Kc5 62. Be8 Bb3 63. Kd3 Kb4 64. Kd4 Be6 65. Bc6 Kb3 66. f5 Bxf5 67.
Bd5+ Kxa4 68. Bxf7 b5 69. e6 b4 70. e7 Bd7 71. e8=Q Bxe8 72. Bxe8+ Ka3 73. Bxg6 1-0

[Event "Online Olym KO Stage 2021"]
[Site "chess.com INT"]
[Date "2021.09.13"]
[Round "1.42"]
[Board "5"]
[White "Teclaf, Pawel"]
[Black "Xu, Zhihang"]
[Result "1-0"]
[WhiteTitle "IM"]
[BlackTitle "IM"]
[WhiteElo "2543"]
[BlackElo "2515"]
[WhiteTeam "Poland"]
[BlackTeam "China"]
[WhiteFideId "1185934"]
[BlackFideId "8611572"]
[EventDate "2021.09.13"]
[EventType "team"]

1. e4 e5 2. Nf3 Nc6 3. Bb5 Nf6 4. O-O Nxe4 5. Qe2 Nd6 6. Bxc6 dxc6 7. Qxe5+ Be6
8. Ng5 Qf6 9. Re1 Qxe5 10. Rxe5 O-O-O 11. Nxe6 Re8 12. d4 Rxe6 13. Rxe6 fxe6 14.
Nd2 Be7 15. Nf3 Rf8 16. c3 Nf5 17. Bg5 Bd6 18. Re1 Kd7 19. Re4 h6 20. Bd2 b5 21.
Ne1 c5 22. dxc5 Bxc5 23. Nd3 Bd6 24. c4 bxc4 25. Rxc4 Rb8 26. Ra4 Rb5 27. Bc3
Rd5 28. Ne1 Bc5 29. Kf1 Bb6 30. Nf3 g5 31. Ke2 c5 32. Re4 Kd6 33. Be5+ Kd7 34.
Bc3 Kc6 35. Rxe6+ Kb5 36. g4 Nd6 37. Rxh6 Ne4 38. Re6 Nxc3+ 39. bxc3 Ka4 40. Re5
Rd7 41. Rxg5 Ka3 42. h4 Kxa2 43. h5 Re7+ 44. Kd3 a5 45. h6 a4 46. Rg7 Re8 47. h7
Rh8 48. Kc2 c4 49. g5 Rf8 50. Nd2 1-0

[Event "Online Olym KO Stage 2021"]
[Site "chess.com INT"]
[Date "2021.09.13"]
[Round "1.42"]
[Board "6"]
[White "Ning, Kaiyu"]
[Black "Sliwicka, Alicja"]
[Result "1-0"]
[WhiteTitle "WIM"]
[BlackTitle "WIM"]
[WhiteElo "2372"]
[BlackElo "2304"]
[WhiteTeam "China"]
[BlackTeam "Poland"]
[WhiteFideId "8614750"]
[BlackFideId "1150677"]
[EventDate "2021.09.13"]
[EventType "team"]

1. d4 Nf6 2. c4 c5 3. d5 b5 4. cxb5 a6 5. e3 e6 6. dxe6 fxe6 7. Nc3 d5 8. Nf3
Be7 9. a4 O-O 10. b3 Nbd7 11. Bb2 axb5 12. Bxb5 Bb7 13. O-O Qb6 14. Qd3 Rfd8 15.
Rfd1 Ba6 16. h3 Nf8 17. Ne5 Bd6 18. Bxa6 Bxe5 19. Bb5 Bc7 20. Qe2 Ng6 21. Rac1
Qd6 22. g3 Qe7 23. Ba3 Bd6 24. Bd3 Ne5 25. Bb1 Rac8 26. Nb5 Bb8 27. Qc2 Ned7 28.
Qe2 Qf7 29. b4 c4 30. Bb2 e5 31. Nc3 Nf8 32. b5 Kh8 33. a5 d4 34. exd4 exd4 35.
Ne4 c3 36. Ba3 Qe6 37. Re1 Re8 38. Qf3 Be5 39. Ng5 Qd7 40. Bf5 Qc7 41. Bxc8 Rxc8
42. Rxe5 h6 43. Rc5 Qd7 44. Rxc8 Qxc8 45. Nf7+ Kh7 46. Nd6 Qxh3 47. Qf5+ Qxf5
48. Nxf5 Ne4 49. Bxf8 d3 50. Ne3 d2 51. Rxc3 Nxc3 52. b6 Nd5 53. Nd1 Kg8 54. b7
Kxf8 55. b8=Q+ 1-0

[Event "Online Olym KO Stage 2021"]
[Site "chess.com INT"]
[Date "2021.09.14"]
[Round "2.1"]
[Board "1"]
[White "Anand, Viswanathan"]
[Black "Xiong, Jeffery"]
[Result "1-0"]
[WhiteTitle "GM"]
[BlackTitle "GM"]
[WhiteElo "2753"]
[BlackElo "2700"]
[WhiteTeam "India"]
[BlackTeam "United States of America"]
[WhiteFideId "5000017"]
[BlackFideId "2047640"]
[EventDate "2021.09.13"]
[EventType "team"]

1. e4 c6 2. d4 d5 3. e5 Bf5 4. Nf3 e6 5. Be2 c5 6. Be3 Qb6 7. Nc3 Nc6 8. O-O
Qxb2 9. Qe1 c4 10. Rb1 Qa3 11. Nb5 Qa4 12. Nc7+ Kd7 13. Nxa8 b5 14. c3 Ba3 15.
Bc1 Be7 16. Rb2 Nh6 17. Bd1 Qa5 18. Bc2 Ba3 19. Bxf5 Bxb2 20. Bxe6+ fxe6 21.
Bxb2 Rxa8 22. Qb1 Nf5 23. g4 Nfe7 24. Qxh7 Qxa2 25. Qc2 Qb3 26. Qxb3 cxb3 27.
Ra1 a5 28. Nd2 Ng6 29. Nxb3 Nf4 30. Nc5+ Ke7 31. h4 Rh8 32. h5 g6 33. hxg6 Nxg6
34. Bc1 Kf7 35. Kg2 Rb8 36. Be3 b4 37. Rc1 Nge7 38. Kg3 bxc3 39. Rxc3 Rb4 40.
Rd3 Rc4 41. Rd1 a4 42. Ra1 Nxd4 43. Bxd4 Rxd4 44. Rxa4 Rc4 45. Rxc4 dxc4 46. Ne4
Kg6 47. Nc3 Ng8 48. f4 Nh6 49. Kf3 Kf7 50. Nd1 Kg6 51. Nc3 Kf7 52. Nd1 Kg6 53.
Ne3 c3 54. Ke2 c2 55. Kd2 Nxg4 56. Nxg4 Kf5 57. Nf6 1-0

[Event "Online Olym KO Stage 2021"]
[Site "chess.com INT"]
[Date "2021.09.14"]
[Round "2.1"]
[Board "2"]
[White "Swiercz, Dariusz"]
[Black "Harikrishna, Pentala"]
[Result "0-1"]
[WhiteTitle "GM"]
[BlackTitle "GM"]
[WhiteElo "2647"]
[BlackElo "2725"]
[WhiteTeam "United States of America"]
[BlackTeam "India"]
[WhiteFideId "1126881"]
[BlackFideId "5007003"]
[EventDate "2021.09.13"]
[EventType "team"]

1. d4 d5 2. c4 c6 3. Nf3 Nf6 4. Qb3 e6 5. g3 Be7 6. Bg2 O-O 7. O-O b6 8. Bf4
Nbd7 9. Nc3 Bb7 10. Rad1 Rc8 11. Ne5 Nxe5 12. Bxe5 a6 13. e4 dxc4 14. Qxc4 Nd7
15. Bf4 c5 16. d5 e5 17. Be3 b5 18. Qe2 Bd6 19. a4 b4 20. Nb1 a5 21. Nd2 Ra8 22.
Nc4 Nb6 23. Nxb6 Qxb6 24. Qc2 b3 25. Qc3 Qb4 26. Rc1 Rfc8 27. Bd2 Qxa4 28. Ra1
Qb4 29. Qe3 Qb5 30. Bc3 a4 31. f4 c4 32. Kh1 a3 33. fxe5 Bb4 34. bxa3 Bxc3 35.
Qxc3 Qa5 36. Rfc1 Qxc3 37. Rxc3 Rxa3 38. Rb1 Ba6 39. Kg1 Ra2 40. Bf1 b2 41. Rc2
c3 42. Bxa6 Ra1 43. Bxc8 Rxb1+ 44. Kg2 Rg1+ 45. Kh3 b1=Q 46. Rxc3 Qf1+ 47. Kh4
g5+ 48. Kxg5 Kg7 49. Bf5 Qa1 50. Rc8 Qxe5 51. Kg4 Re1 52. Kh3 Re2 53. Rc7 Qxc7 0-1

[Event "Online Olym KO Stage 2021"]
[Site "chess.com INT"]
[Date "2021.09.14"]
[Round "2.1"]
[Board "4"]
[White "Zatonskih, Anna"]
[Black "Harika, Dronavalli"]
[Result "0-1"]
[WhiteTitle "IM"]
[BlackTitle "GM"]
[WhiteElo "2423"]
[BlackElo "2511"]
[WhiteTeam "United States of America"]
[BlackTeam "India"]
[WhiteFideId "14101572"]
[BlackFideId "5015197"]
[EventDate "2021.09.13"]
[EventType "team"]

1. d4 Nf6 2. c4 g6 3. Nc3 Bg7 4. e4 d6 5. Nf3 O-O 6. Be2 Bg4 7. Be3 e5 8. dxe5
Bxf3 9. gxf3 dxe5 10. Qxd8 Rxd8 11. Nd5 Nxd5 12. cxd5 c6 13. Bc4 cxd5 14. Bxd5
Nc6 15. O-O-O Nd4 16. Kb1 Nxf3 17. Bxb7 Rab8 18. Rxd8+ Rxd8 19. Bd5 Rd7 20. Rc1
h5 21. h3 Kh7 22. Rc3 Nd4 23. b4 Bh6 24. Bxd4 exd4 25. Rd3 Bg7 26. b5 f5 27. f3
fxe4 28. Bxe4 Be5 29. Bc6 Rf7 30. Kc2 Rf4 31. Kb3 Bc7 32. a4 Ba5 33. Kc4 Bc3 34.
Kc5 Kg7 35. Bd5 Rf6 36. Be4 Kf8 37. Rd1 Kf7 38. Kc4 Rd6 39. Rg1 Ba5 40. Rg5 Bb6
41. Bd3 Rf6 42. Be4 Rd6 43. Kd3 Rf6 44. Rd5 Ke7 45. Re5+ Kf7 46. Rg5 Rd6 47. Rg2
Bd8 48. Rc2 Ba5 49. Rc8 Bb6 50. Kc4 Kf6 51. Bd3 Ke5 52. Kb4 Kf4 53. a5 Bd8 54.
b6 Bxb6 55. axb6 axb6 56. Rf8+ Ke3 57. Bb5 d3 58. Re8+ Kxf3 59. Kc3 d2 60. Be2+
Kg3 61. Re3+ Kf2 62. Re4 d1=Q 63. Bxd1 Rxd1 64. Re6 g5 65. Rxb6 g4 66. hxg4 hxg4
67. Kc2 Rd5 68. Rf6+ Kg2 0-1

[Event "Online Olym KO Stage 2021"]
[Site "chess.com INT"]
[Date "2021.09.14"]
[Round "2.1"]
[Board "5"]
[White "Nihal, Sarin"]
[Black "Liang, Awonder"]
[Result "1/2-1/2"]
[WhiteTitle "GM"]
[BlackTitle "GM"]
[WhiteElo "2652"]
[BlackElo "2590"]
[WhiteTeam "India"]
[BlackTeam "United States of America"]
[WhiteFideId "25092340"]
[BlackFideId "2056437"]
[EventDate "2021.09.13"]
[EventType "team"]

1. Nf3 Nf6 2. c4 e6 3. g3 Be7 4. Bg2 O-O 5. O-O d5 6. d4 Nbd7 7. Qc2 c6 8. Nbd2
b6 9. e4 dxc4 10. Nxc4 Bb7 11. Bf4 c5 12. Rfe1 cxd4 13. Nd6 Bxd6 14. Bxd6 d3 15.
Qxd3 Bxe4 16. Qd4 e5 17. Qa4 Re8 18. Rad1 Bxf3 19. Bxf3 e4 20. Bxe4 Nxe4 21.
Rxe4 Rxe4 22. Qxe4 Nc5 23. Qf3 Ne6 24. Bf4 Qe8 25. Be3 Rc8 26. Rd2 h6 27. Kg2
Nc5 28. b3 Ne6 29. h4 Rc7 30. Qd5 b5 31. Qe4 Qc8 32. Qd5 a6 33. Qe4 Rc6 34. Kh2
Qe8 35. Rc2 Rxc2 36. Qxc2 Qd7 37. Qe4 Qd6 38. Kg2 h5 39. a4 bxa4 40. bxa4 g6 41.
a5 Qd8 42. Bb6 Qc8 43. Qd5 Kg7 44. Be3 Qd8 45. Qe5+ Kg8 46. Bb6 Qa8+ 47. Kh2 Qc6
48. Be3 Qc4 49. Kg1 Qc6 50. Qb8+ Kg7 51. Qb2+ Kg8 52. Qe5 Qc4 53. Qb8+ Kg7 54.
Qb7 Qd3 55. Kg2 Qc4 56. Kg1 Qd3 57. Qc6 Kh7 58. Kg2 Kg8 59. Bc1 Kh7 60. Qb7 Nd8
61. Qf3 Qd7 62. Bb2 Qc6 63. Bc3 f5 64. Qxc6 Nxc6 65. Kf3 Kg8 66. Kf4 Kf7 67. Kg5
Nd8 68. Kf4 Nc6 69. Kg5 Nd8 70. Kf4 Nc6 1/2-1/2

[Event "Online Olym KO Stage 2021"]
[Site "chess.com INT"]
[Date "2021.09.14"]
[Round "2.1"]
[Board "6"]
[White "Cervantes Landeiro, Thalia"]
[Black "Vaishali, R"]
[Result "0-1"]
[WhiteTitle "FM"]
[BlackTitle "WGM"]
[WhiteElo "2175"]
[BlackElo "2414"]
[WhiteTeam "United States of America"]
[BlackTeam "India"]
[WhiteFideId "3520498"]
[BlackFideId "5091756"]
[EventDate "2021.09.13"]
[EventType "team"]

1. d4 Nf6 2. c4 e6 3. Nf3 Bb4+ 4. Nbd2 O-O 5. a3 Be7 6. e4 d6 7. Bd3 e5 8. O-O
exd4 9. Nxd4 Re8 10. b4 a5 11. Bb2 Bf8 12. Qc2 axb4 13. axb4 Rxa1 14. Rxa1 c5
15. Ra8 Na6 16. Nf5 g6 17. Rxc8 Qxc8 18. Bxf6 gxf5 19. e5 Nxb4 20. Qb1 Nxd3 21.
Qxd3 h6 22. Qg3+ Kh7 23. Nf3 dxe5 24. Bxe5 Qe6 25. h4 Qg6 26. Qf4 Qg4 27. Qd2
Qxc4 28. Qd7 Rxe5 29. Nxe5 Qc1+ 30. Kh2 Qf4+ 31. g3 Qxe5 32. Qxf7+ Bg7 33. Qxb7
c4 34. Qc8 c3 35. f4 Qe2+ 36. Kh3 Qe4 37. Kh2 c2 38. h5 Qe2+ 0-1